| 000 -LEADER |
| fixed length control field |
01491cam a2200361 a 4500 |
| 001 - CONTROL NUMBER |
| control field |
11480173 |
| 003 - CONTROL NUMBER IDENTIFIER |
| control field |
OSt |
| 005 - DATE AND TIME OF LATEST TRANSACTION |
| control field |
20170105113125.0 |
| 006 - FIXED-LENGTH DATA ELEMENTS--ADDITIONAL MATERIAL CHARACTERISTICS |
| fixed length control field |
m d |
| 007 - PHYSICAL DESCRIPTION FIXED FIELD--GENERAL INFORMATION |
| fixed length control field |
cr n |
| 008 - FIXED-LENGTH DATA ELEMENTS--GENERAL INFORMATION |
| fixed length control field |
850322s1985 paua sb 10110 eng d |
| 020 ## - INTERNATIONAL STANDARD BOOK NUMBER |
| International Standard Book Number |
0803104448 |
| 035 ## - SYSTEM CONTROL NUMBER |
| System control number |
(WaSeSS)ssib017449686 |
| 040 ## - CATALOGING SOURCE |
| Modifying agency |
WaSeSS |
| Transcribing agency |
C |
| 050 #4 - LIBRARY OF CONGRESS CALL NUMBER |
| Classification number |
TA418.38 |
| Item number |
.M85 1985 |
| 082 0# - DEWEY DECIMAL CLASSIFICATION NUMBER |
| Classification number |
620.1/126 |
| Edition number |
19 |
| 210 10 - ABBREVIATED TITLE |
| Abbreviated title |
Multiaxial fatigue |
| 245 00 - TITLE STATEMENT |
| Title |
Multiaxial fatigue |
| Medium |
[electronic resource] : |
| Remainder of title |
a symposium / |
| Statement of responsibility, etc. |
sponsored by ASTM Committees E-9 on Fatigue and E-24 on Fracture Testing, San Francisco, CA, 15-17 Dec. 1982 ; K.J. Miller and M.W. Brown, editors. |
| 260 0# - PUBLICATION, DISTRIBUTION, ETC. |
| Place of publication, distribution, etc. |
Philadelphia, Pa. : |
| Name of publisher, distributor, etc. |
American Society for Testing and Materials, |
| Date of publication, distribution, etc. |
c1985. |
| 440 #0 - SERIES STATEMENT/ADDED ENTRY--TITLE |
| Title |
ASTM special technical publication ; |
| Volume/sequential designation |
853 |
| 500 ## - GENERAL NOTE |
| General note |
"ASTM publication code number (PCN) 04-853000-30." |
| 504 ## - BIBLIOGRAPHY, ETC. NOTE |
| Bibliography, etc. note |
Includes bibliographies and index. |
| 506 ## - RESTRICTIONS ON ACCESS NOTE |
| Terms governing access |
License restrictions may limit access. |
| 650 #0 - SUBJECT ADDED ENTRY--TOPICAL TERM |
| Topical term or geographic name entry element |
Materials |
| General subdivision |
Fatigue |
| -- |
Congresses. |
| 700 10 - ADDED ENTRY--PERSONAL NAME |
| Personal name |
Miller, K. J. |
| Fuller form of name |
(Keith John) |
| 700 10 - ADDED ENTRY--PERSONAL NAME |
| Personal name |
Brown, M. W. |
| Fuller form of name |
(Michael W.), |
| Dates associated with a name |
1947- |
| 710 20 - ADDED ENTRY--CORPORATE NAME |
| Corporate name or jurisdiction name as entry element |
ASTM Committee E-9 on Fatigue. |
| 710 20 - ADDED ENTRY--CORPORATE NAME |
| Corporate name or jurisdiction name as entry element |
ASTM Committee E-24 on Fracture Testing. |
| 773 #0 - HOST ITEM ENTRY |
| Title |
ASTM Standards and Engineering Digital Library |
| 856 40 - ELECTRONIC LOCATION AND ACCESS |
| Uniform Resource Identifier |
<a href="http://www.columbia.edu/cgi-bin/cul/resolve?clio11480173">http://www.columbia.edu/cgi-bin/cul/resolve?clio11480173</a> |
| Public note |
Full text available from ASTM Standards and Engineering Digital Library |
| 910 ## - USER-OPTION DATA (OCLC) |
| User-option data |
Library of Congress record |
| 942 ## - ADDED ENTRY ELEMENTS (KOHA) |
| Source of classification or shelving scheme |
|
| Koha item type |
Book |